000 00649nam a22001817a 4500
005 20251108171044.0
008 250721s1997 xx 000 0 ara d
082 1 4 _a808.8/طيب
100 1 _aالطيبي، عكاشه عبد المنان
245 1 0 _aقالوا في المرأة :
_bالمرأة و الحياة ، المرأة و الحب ، المرأة و الأسرة ، المرأة و الطبيعة /
264 1 _aبيروت :
_bعالم الكتب،
_c1997.
300 _a4ج.
490 0 _aسلسلة المعرفة
650 1 7 _aالحكم و الأمثال
650 1 7 _aأدب عربي
942 _2ddc
_cBK
999 _c55450
_d55450